00518nam a22001697a 450000500170000001000150001702000260003203500130005803700130007108200100008410000250009424500440011926000400016327000610020330000340026450000500029820160108134016.0 aENG-114424 c350.00a9788173718854 aEN-97956 bDBAD/PUB a625.8 aSrinivasa Kumar, R. aPavement design /cby R.Srinivasa Kumar aHyderabadbUniversities Pressc2013 a3-6-747/1/A & 3-6-754/1, HimayatnagarbHyderabade500029 aviii,348p. :c24cm(pbk)bill. aIncludes bibliographical references and index